Welcome to the Holygrace Academy Library

Please use search bar below to get started

DAVID COPPERFIELD (Record no. 3549)

MARC details
000 -LEADER
fixed length control field 00359nam a22001577a 4500
020 ## - INTERNATIONAL STANDARD BOOK NUMBER
ISBN 81-291-0214-5
082 ## - DEWEY DECIMAL CLASSIFICATION NUMBER
Classification number 823
Item number DIC/O
100 ## - MAIN ENTRY--AUTHOR NAME
Personal name DICKENS,CHARLES
245 ## - TITLE STATEMENT
Title DAVID COPPERFIELD
250 ## - EDITION STATEMENT
Edition statement SECOND
260 ## - PUBLICATION, DISTRIBUTION, ETC. (IMPRINT)
Place of publication NEW DELHI
Name of publisher RUPA.CO
Year of publication 2005
300 ## - PHYSICAL DESCRIPTION
Number of Pages 828
520 ## - SUMMARY, ETC.
Summary, etc An autobiographical novel.
650 ## - SUBJECT ADDED ENTRY--TOPICAL TERM
Topical Term ENGLISH,NOVEL
Geographic subdivision India
942 ## - ADDED ENTRY ELEMENTS (KOHA)
Koha item type Books
Holdings
Withdrawn status Lost status Collection code Home library Current library Shelving location Date acquired Source of acquisition Full call number Accession Number Koha item type
    Fiction Main Library Main Library SHELF 16-A- ENGLISH LITERATURE COLLECTION OF WORKS 23/10/2006 PURCHASE 823 DIC/O 03612 Books